000 00760nam a2200265Ia 4500
003 OSt
005 20221005093231.0
006 a|||||r|||| 00| 0
007 ta
008 221004b |||||||| |||| 00| 0 eng d
024 _a40935
037 _cTextual
040 _aCRL
_cCRL
_beng
041 _2eng
_aeng
082 _aO121,1x, 111J9
100 _aDavenport Basil Ed.
_9618233
110 _aGift from Prof Amitava Banerjee, London
245 0 _aPortable
_b Roman reader
260 _aNew York
_bViking Press USA
_c1959
300 _a656p.
_ccm.
650 _aENGLISH LITERATURE
700 _aGift from Prof Amitava Banerjee, London
942 _hO121,1x, 111J9
_cTEXL
_2cc
999 _c1000027
_d1000027